Todo imperio perecerá: teoría sobre las relaciones internacionales

محفوظ في:
التفاصيل البيبلوغرافية
المؤلف الرئيسي: Duroselle, Jean-Baptiste (مؤلف)
التنسيق: كتاب
اللغة:الإسبانية
منشور في: Ciudad de México Fondo de Cultura Económica 1998
الطبعة:1a. ed
سلاسل:Colección Política y Derecho
الموضوعات:
الوسوم: إضافة وسم
لا توجد وسوم, كن أول من يضع وسما على هذه التسجيلة!

MARC

LEADER 00000cam a2200000 a 4500
001 UCP5162
003 CL-VaPUC
008 990903e19980000MX |||||||||||||||||spa|d
020 |a 9681654714 
082 0 4 |a 327  |b DUR  |2 21 
100 0 |a Duroselle, Jean-Baptiste  |e author  |9 433327 
245 1 0 |a Todo imperio perecerá: teoría sobre las relaciones internacionales 
250 |a 1a. ed 
300 |a 468 p 
942 |c BK 
945 |d 19990903 00:00:00  |a rbrito 
260 |a Ciudad de México  |b Fondo de Cultura Económica  |c 1998 
650 0 |a Relaciones Internacionales  |9 255740 
650 0 |a Política  |9 255312 
650 0 |a Derecho internacional  |9 255637 
583 |a last modification  |c 20160620 02:43:09  |k Rodrigo Vera 
490 0 |a Colección Política y Derecho 
999 |c 282955  |d 282953 
952 |0 0  |1 0  |4 0  |6 327_000000000000000_DUR_1998  |7 0  |8 A  |9 325652  |a BIBHIS  |b BIBHIS  |d 2019-11-20  |i 3545253  |o 327 DUR 1998  |p 3545253  |r 2025-01-20  |w 2019-11-20  |y BK  |k HIS 
952 |0 0  |1 0  |4 0  |6 327_000000000000000_DUR_1998  |7 0  |8 A  |9 325653  |a BIBHIS  |b BIBHIS  |d 2019-11-20  |i 3567850  |o 327 DUR 1998  |p 3567850  |r 2025-01-20  |w 2019-11-20  |y BK  |k HIS 
952 |0 0  |1 0  |3 erb  |4 0  |6 327_000000000000000_DUR_1998  |7 0  |8 A  |9 325654  |a FDOHBE  |b FDOHBE  |e Huesbe Llanos, Marco Antonio, 1934-  |i 5309786  |o 327 DUR 1998  |p 5309786  |r 2024-01-30  |w 2019-11-20  |y BK  |z Catalogado en:20160623  |k HBE